| 000 | 00369nam a2200145Ia 4500 | ||
|---|---|---|---|
| 008 | 230312s9999||||xx |||||||||||||| ||und|| | ||
| 082 |
_a297.63 _bNAS-S |
||
| 100 | _aپیر سید نشاط الزمان | ||
| 245 | 0 | _aSarchashma Hadayat (سرچشمہ ہدایت) | |
| 260 |
_bFriends _aLahore _c2007 |
||
| 300 | _a87 | ||
| 546 | _aUrdu | ||
| 650 | _aLiterature | ||
| 942 | _cBK | ||
| 999 |
_c49 _d49 |
||